000 00387 a2200169 4500
001 186783
020 _a85-7442-063-8
040 _cMagnum
100 _aElkind, Belinha
240 1 0 _aBárbara e seus óculos encantados
_lpor
245 1 0 _aBárbara e seus óculos encantados
300 _a32
362 0 _a2001
440 1 _aMiguilim
697 _aLITERATURA INFANTO
942 _cBK
999 _c186783
_d186783